[Event "XVI Festival Magistrale"]
[Site "Asti ITA"]
[Date "1995.10.03"]
[Round "4"]
[White "Sulava, Nenad"]
[Black "Sarno, Spartaco"]
[Result "1-0"]
[WhiteElo "2390"]
[BlackElo "2405"]
[PlyCount "71"]
[EventDate "1995.09.30"]

1.Nf3 Nf6 2.c4 g6 3.Nc3 d5 4.cxd5 Nxd5 5.Qa4+ Bd7 6.Qh4 Nxc3 7.Qd4 f6 8.
Qxc3 Nc6 9.b4 a6 10.Rb1 e5 11.e4 Bd6 12.Bc4 Qe7 13.a3 Rc8 14.O-O Nd8 15.d4
exd4 16.Qxd4 Be6 17.Bxe6 Qxe6 18.Bb2 O-O 19.Ng5 Qa2 20.Qc3 Be5 21.Qh3 fxg5
22.Bxe5 Qe6 23.Qg3 Nc6 24.Ba1 Rcd8 25.Rbd1 Rxd1 26.Rxd1 Qf7 27.h4 Qf4 28.
Qb3+ Rf7 29.Qb2 Kf8 30.hxg5 Qxg5 31.Qh8+ Ke7 32.Qc8 Qf4 33.Qd7+ Kf8 34.
Qc8+ Ke7 35.Rd7+ Ke6 36.Rd8+ 1-0

[Event "XVI Festival Magistrale"]
[Site "Asti ITA"]
[Date "1995.10.04"]
[Round "5"]
[White "Bianco, Valerio"]
[Black "Maccagno, Giancarlo"]
[Result "1/2-1/2"]
[WhiteElo "2205"]
[BlackElo "2210"]
[PlyCount "39"]
[EventDate "1995.09.30"]

1.Nf3 g6 2.g3 Bg7 3.Bg2 e5 4.d3 d6 5.O-O c5 6.e4 Nc6 7.Nc3 Nge7 8.Nh4 Nd4 
9.f4 exf4 10.gxf4 Nec6 11.Nf3 Bg4 12.Nd5 O-O 13.c3 Nxf3+ 14.Bxf3 Bh3 15.
Re1 b5 16.Be3 Ne7 17.Nxe7+ Qxe7 18.d4 Rac8 19.dxc5 dxc5 20.Qe2 1/2-1/2

[Event "XVI Festival Magistrale"]
[Site "Asti ITA"]
[Date "1995.10.04"]
[Round "5"]
[White "Coppini, Giorgio"]
[Black "Canelli, Daniele"]
[Result "1-0"]
[WhiteElo "2210"]
[BlackElo "1911"]
[PlyCount "89"]
[EventDate "1995.09.30"]

1.e4 c5 2.Nf3 e6 3.d3 b6 4.g3 Bb7 5.Bg2 d5 6.O-O Be7 7.e5 Nc6 8.h4 h6 9.h5
Qc7 10.Re1 Bf8 11.c3 Nge7 12.d4 cxd4 13.cxd4 Nb4 14.Nc3 Nec6 15.a3 Na6 16.
Bf1 Qd7 17.b4 Nc7 18.Be3 Be7 19.Bd3 Rc8 20.Qd2 Bf8 21.Rec1 a6 22.Na4 Na8 
23.b5 Na5 24.bxa6 Rxc1+ 25.Rxc1 Bc6 26.Nxb6 Nxb6 27.Qxa5 Nc4 28.Bxc4 dxc4 
29.Nd2 Qd5 30.Qxd5 exd5 31.Rb1 Be7 32.Rb8+ Bd8 33.a7 O-O 34.a8=Q Bxa8 35.
Rxa8 Be7 36.Rxf8+ Kxf8 37.Nb1 Ke8 38.Kf1 Kd7 39.Ke2 Kc6 40.Kd2 Kb5 41.Nc3+
Kc6 42.a4 Bb4 43.Kc2 Ba5 44.g4 Bd8 45.f4 1-0

[Event "XVI Festival Magistrale"]
[Site "Asti ITA"]
[Date "1995.10.04"]
[Round "5"]
[White "Duarte, Riccardo"]
[Black "Astengo, Marcello"]
[Result "1-0"]
[WhiteElo "2050"]
[BlackElo "2110"]
[PlyCount "55"]
[EventDate "1995.09.30"]

1.e4 e6 2.d4 d5 3.exd5 exd5 4.Bd3 Nf6 5.Ne2 Bg4 6.Bg5 Bd6 7.Nbc3 c6 8.f3 
Bh5 9.Nf4 Bg6 10.Nxg6 hxg6 11.Qd2 Qb6 12.Qe3+ Kf8 13.O-O-O Nbd7 14.Bf4 Bb4
15.Rde1 Qa5 16.Kd2 Re8 17.Qf2 Rxe1 18.Rxe1 Nb6 19.Qg3 Ne8 20.Bg5 Nc4+ 21.
Bxc4 Bxc3+ 22.bxc3 dxc4 23.Re5 Qxa2 24.Rxe8+ Kxe8 25.Qb8+ Kd7 26.Qxb7+ Kd6
27.Qe7+ Kd5 28.Qe5# 1-0

[Event "XVI Festival Magistrale"]
[Site "Asti ITA"]
[Date "1995.10.04"]
[Round "5"]
[White "Faraoni, Enrico"]
[Black "Frank, Albert"]
[Result "1-0"]
[WhiteElo "2135"]
[BlackElo "2090"]
[PlyCount "59"]
[EventDate "1995.09.30"]

1.f4 g6 2.Nf3 Bg7 3.e4 d5 4.e5 c5 5.Bb5+ Nc6 6.O-O h5 7.Ng5 Bg4 8.Qe1 e6 
9.c4 a6 10.cxd5 axb5 11.dxc6 bxc6 12.Nc3 Bf8 13.Qe4 Ne7 14.h3 Bf5 15.Qf3 
h4 16.d4 cxd4 17.Rd1 Nd5 18.Nce4 Be7 19.Rxd4 c5 20.Rd1 Qb6 21.Be3 Ra4 22.
Bf2 Qa7 23.Rac1 Rc4 24.a3 Bxg5 25.Nd6+ Kf8 26.Nxc4 Bxf4 27.b4 Kg7 28.Bxc5 
Qa6 29.Ne3 Qxa3 30.Nxf5+ 1-0

[Event "XVI Festival Magistrale"]
[Site "Asti ITA"]
[Date "1995.10.04"]
[Round "5"]
[White "Fuggetta, Leonardo"]
[Black "Lampic, Teo"]
[Result "0-1"]
[WhiteElo "2115"]
[BlackElo "2099"]
[PlyCount "116"]
[EventDate "1995.09.30"]

1.c4 c6 2.Nc3 e6 3.d4 d5 4.cxd5 exd5 5.Bf4 Nf6 6.e3 Be7 7.Bd3 Nbd7 8.Nge2 
O-O 9.O-O Re8 10.Qc2 Nf8 11.Rfe1 g6 12.f3 Nh5 13.Bg3 Nxg3 14.hxg3 Bf6 15.
Nf4 Ne6 16.Kf2 Nxf4 17.gxf4 Qe7 18.Qd2 Bg7 19.Rad1 Qh4+ 20.Kg1 Bd7 21.Qf2 
Qf6 22.Bc2 Qd6 23.Ne2 Qb4 24.Ng3 Rad8 25.f5 Bc8 26.fxg6 hxg6 27.Bb1 Bf6 
28.Nf1 Kg7 29.a3 Qb6 30.b4 a5 31.Qd2 axb4 32.Qxb4 Qxb4 33.axb4 Be7 34.b5 
cxb5 35.Ba2 Be6 36.Rc1 Ra8 37.Rc2 Ra3 38.Rec1 Rea8 39.Bb1 Bd6 40.Kf2 b4 
41.Rb2 R8a6 42.Nd2 Rc3 43.Nb3 Ra3 44.Bc2 Bd7 45.Rcb1 Ba4 46.Bd1 b6 47.e4 
dxe4 48.fxe4 Bg3+ 49.Kf1 Re3 50.Bc2 Bb5+ 51.Kg1 Be1 52.Rd1 Re2 53.Nc1 Bf2+
54.Kh2 Ra8 55.Kh3 Re3+ 56.Kg4 Bd7+ 57.Kf4 f6 58.Rxb4 g5# 0-1

[Event "XVI Festival Magistrale"]
[Site "Asti ITA"]
[Date "1995.10.04"]
[Round "5"]
[White "Godena, Michele"]
[Black "Sarno, Spartaco"]
[Result "1-0"]
[WhiteElo "2420"]
[BlackElo "2405"]
[PlyCount "117"]
[EventDate "1995.09.30"]

1.e4 d6 2.Nc3 g6 3.d4 Bg7 4.Nf3 Nf6 5.Bf4 O-O 6.Qd2 Nc6 7.O-O-O Bg4 8.Qe3 
Re8 9.Bg5 e5 10.dxe5 Nxe5 11.Nxe5 Rxe5 12.f3 Bd7 13.h4 Qe8 14.Kb1 Be6 15.
g4 b5 16.Bxf6 Bxf6 17.f4 Rc5 18.e5 b4 19.Ne4 Bxa2+ 20.Kc1 Bxe5 21.fxe5 
Qxe5 22.g5 Kf8 23.Re1 Re8 24.Nxc5 Qxe3+ 25.Rxe3 Rxe3 26.Nd7+ Ke7 27.Kd2 
Rf3 28.Nf6 Rf2+ 29.Be2 Bc4 30.Re1 h6 31.Ng8+ Kf8 32.Nxh6 Rh2 33.Ke3 Bxe2 
34.Rxe2 Rxh4 35.Kf3 Rh5 36.Kf4 f6 37.Ng4 fxg5+ 38.Kf3 Kf7 39.Kg3 Rh1 40.
Ne3 Ke6 41.Kf3 d5 42.Nc4+ Kf6 43.Ne5 Rh3+ 44.Kg2 Rh4 45.Nd7+ Kf7 46.Kg3 a5
47.Ne5+ Kf6 48.Ng4+ Kf7 49.Re1 a4 50.Ra1 a3 51.bxa3 bxa3 52.Rxa3 Ke7 53.
Ra6 Rh1 54.Rxg6 Re1 55.Kf3 Re6 56.Rxg5 Rc6 57.Ne3 Rf6+ 58.Ke2 c6 59.Rxd5 
1-0

[Event "XVI Festival Magistrale"]
[Site "Asti ITA"]
[Date "1995.10.04"]
[Round "5"]
[White "Lacrosse, Marc"]
[Black "Arlandi, Ennio"]
[Result "0-1"]
[WhiteElo "2240"]
[BlackElo "2455"]
[PlyCount "80"]
[EventDate "1995.09.30"]

1.d4 Nf6 2.c4 e6 3.Nf3 b6 4.a3 Bb7 5.Nc3 g6 6.Qc2 Bg7 7.e4 O-O 8.Bg5 h6 9.
Bh4 g5 10.Bg3 Nh5 11.O-O-O d6 12.Be2 Nd7 13.Kb1 f5 14.exf5 exf5 15.Ne1 Qe8
16.Bd3 Qf7 17.f3 a6 18.Bf2 Nf4 19.Bf1 c5 20.d5 Ne5 21.h4 g4 22.g3 Nh5 23.
f4 Ng6 24.Ng2 Bc8 25.Bd3 Bd7 26.Rhe1 Rab8 27.Re2 b5 28.Rde1 b4 29.axb4 
Rxb4 30.Ne3 Nhxf4 31.gxf4 Nxf4 32.Kc1 Nxe2+ 33.Rxe2 f4 34.Bg6 Qf6 35.Ned1 
g3 36.Bg1 Rxc4 37.Bd3 Bf5 38.Bxf5 Qxf5 39.Qxf5 Rxf5 40.Re8+ Kf7 0-1

[Event "XVI Festival Magistrale"]
[Site "Asti ITA"]
[Date "1995.10.04"]
[Round "5"]
[White "Legky, Nikolay A."]
[Black "Belotti, Bruno"]
[Result "1/2-1/2"]
[WhiteElo "2510"]
[BlackElo "2380"]
[PlyCount "124"]
[EventDate "1995.09.30"]

1.d4 Nf6 2.Bg5 e6 3.Nf3 c5 4.e3 Nc6 5.Nbd2 Be7 6.c3 b6 7.Bd3 Bb7 8.O-O O-O
9.a3 d6 10.h3 cxd4 11.cxd4 Nd5 12.Bxe7 Qxe7 13.Rc1 Rfc8 14.Qa4 a6 15.b4 b5
16.Qb3 Nb6 17.e4 Qf6 18.Qb2 Na4 19.Qa1 e5 20.Nb3 exd4 21.Nbxd4 Nxd4 22.
Qxd4 Qxd4 23.Nxd4 g6 24.f3 Kf8 25.Kf2 Ke7 26.Nb3 Rxc1 27.Rxc1 Rc8 28.Rxc8 
Bxc8 29.h4 h6 30.f4 f6 31.Ke3 Nb6 32.Kd4 g5 33.g3 Be6 34.Nd2 Bg4 35.Nf1 
Be6 36.Ne3 Kf7 37.Be2 Ke7 38.Bg4 Bxg4 39.Nxg4 gxh4 40.gxh4 h5 41.Ne3 Ke6 
42.f5+ Ke7 43.Ng2 Nc4 44.a4 Ne5 45.a5 Nc6+ 46.Kc3 Ne5 47.Nf4 Nf3 48.Nd5+ 
Kf7 49.Nc7 Nxh4 50.Nxa6 Nf3 51.Nc7 Ne5 52.Nxb5 h4 53.Nd4 h3 54.Ne2 h2 55.
Ng3 Ke7 56.b5 Kd7 57.Kd4 Nf3+ 58.Kd5 Nd2 59.b6 Nf1 60.b7 Kc7 61.Nh1 Kxb7 
62.Kxd6 Nd2 1/2-1/2

[Event "XVI Festival Magistrale"]
[Site "Asti ITA"]
[Date "1995.10.04"]
[Round "5"]
[White "Mrdja, Milan"]
[Black "Mordiglia, Riccardo"]
[Result "1-0"]
[WhiteElo "2450"]
[BlackElo "2015"]
[PlyCount "67"]
[EventDate "1995.09.30"]

1.e4 e5 2.Nf3 d6 3.d4 f5 4.exf5 e4 5.Nfd2 Bxf5 6.Nc4 Nf6 7.Ne3 Bg6 8.c4 
Be7 9.Nc3 c6 10.d5 c5 11.Ne2 Nbd7 12.Nf4 Bf7 13.Be2 Ne5 14.O-O O-O 15.Bd2 
Ng6 16.Nh3 Nd7 17.Qc2 Nge5 18.Nf4 Bg5 19.Ne6 Bxe6 20.dxe6 Bxe3 21.Bxe3 Nf6
22.Bg5 Nc6 23.Bxf6 Qxf6 24.Qxe4 Rae8 25.Bd3 g6 26.Rae1 Re7 27.f4 Rfe8 28.
f5 gxf5 29.Qd5 Rxe6 30.Bxf5 Qd4+ 31.Qxd4 Nxd4 32.Bxe6+ Rxe6 33.Rxe6 Nxe6 
34.Rf6 1-0

[Event "XVI Festival Magistrale"]
[Site "Asti ITA"]
[Date "1995.10.04"]
[Round "5"]
[White "Naumkin, Igor"]
[Black "Sulava, Nenad"]
[Result "0-1"]
[WhiteElo "2455"]
[BlackElo "2390"]
[PlyCount "82"]
[EventDate "1995.09.30"]

1.d4 c5 2.d5 Nf6 3.c4 e5 4.Nc3 d6 5.e4 Be7 6.Nf3 a6 7.Be2 Nbd7 8.O-O O-O 
9.a3 Ne8 10.Ne1 Bg5 11.Nd3 Rb8 12.b4 b5 13.cxb5 c4 14.Ne1 axb5 15.Nc2 Bxc1
16.Rxc1 Qh4 17.g3 Qh6 18.Bg4 Nc7 19.Qe2 Nf6 20.Bxc8 Rfxc8 21.Rce1 Ra8 22.
f3 g6 23.Qg2 Nh5 24.Kh1 Kh8 25.Re2 f5 26.Kg1 Rf8 27.Nd1 Rf7 28.Nde3 Raf8 
29.Rff2 Qg5 30.exf5 gxf5 31.f4 exf4 32.gxf4 Qh4 33.Qf3 Rg7+ 34.Kf1 Ng3+ 
35.hxg3 Rxg3 36.Nd4 Rxf3 37.Rxf3 Qh1+ 38.Kf2 Rg8 39.Rg3 Qh2+ 40.Rg2 Qxf4+ 
41.Nf3 Rg6 0-1

[Event "XVI Festival Magistrale"]
[Site "Asti ITA"]
[Date "1995.10.04"]
[Round "5"]
[White "Sedina, Elena"]
[Black "Malano, Francesco"]
[Result "1-0"]
[WhiteElo "2350"]
[BlackElo "1908"]
[PlyCount "47"]
[EventDate "1995.09.30"]

1.e4 c5 2.Nf3 Nc6 3.Bb5 Qb6 4.Nc3 e6 5.Bxc6 Qxc6 6.d4 cxd4 7.Nxd4 Qc7 8.
O-O a6 9.f4 d6 10.Kh1 Bd7 11.Qe2 h5 12.e5 O-O-O 13.a4 Kb8 14.Be3 Be7 15.
Qf2 Nh6 16.Ndb5 Ng4 17.Qg1 axb5 18.Bb6 Qc4 19.axb5 Bxb5 20.Nxb5 Qxb5 21.
Rf3 d5 22.Rc3 Bb4 23.Ba7+ Ka8 24.Bb8+ 1-0

[Event "XVI Festival Magistrale"]
[Site "Asti ITA"]
[Date "1995.10.04"]
[Round "5"]
[White "Spinelli, Doriano"]
[Black "Cugini, Verter"]
[Result "0-1"]
[WhiteElo "2155"]
[BlackElo "2235"]
[PlyCount "134"]
[EventDate "1995.09.30"]

1.e4 e6 2.d3 c5 3.Nf3 Nc6 4.g3 d5 5.Qe2 Nge7 6.Bg2 g6 7.O-O Bg7 8.a3 O-O 
9.Nbd2 b5 10.Rb1 a5 11.exd5 exd5 12.c4 bxc4 13.dxc4 Bf5 14.cxd5 Bxb1 15.
Nxb1 Nxd5 16.Qc4 Rc8 17.Ng5 Nb6 18.Qe4 Qe7 19.Bh3 Qxe4 20.Nxe4 f5 21.Nd6 
Rc7 22.Bg2 Nd4 23.Nc3 Rd7 24.Nb7 Nb3 25.Bc6 Rff7 26.Nxc5 Nxc5 27.Be3 Rc7 
28.Be8 Bxc3 29.Bxf7+ Kxf7 30.bxc3 Nd5 31.Bd4 Ne4 32.Be5 Re7 33.c4 Rxe5 34.
f4 Ne3 35.Re1 Rc5 36.Rxe3 Rxc4 37.Rb3 h5 38.Rb7+ Kf6 39.Rb6+ Kg7 40.Rb7+ 
Kh6 41.Rb5 Ra4 42.Rb3 Nd2 43.Rd3 Nb1 44.Rd1 Nc3 45.Ra1 h4 46.Kg2 Kh5 47.
Kh3 g5 48.fxg5 Kxg5 49.Rg1 Rxa3 50.gxh4+ Kf6 51.Rg8 Nd5+ 52.Kg2 Nf4+ 53.
Kg1 Rh3 54.Ra8 Rxh4 55.Rxa5 Rg4+ 56.Kf2 Nd3+ 57.Kf3 Ne5+ 58.Kf2 Rb4 59.h3 
f4 60.h4 Rb2+ 61.Kg1 Nf3+ 62.Kf1 Nxh4 63.Rh5 Nf5 64.Rh8 f3 65.Kg1 f2+ 66.
Kg2 Ne3+ 67.Kg3 f1=Q 0-1

[Event "XVI Festival Magistrale"]
[Site "Asti ITA"]
[Date "1995.10.05"]
[Round "6"]
[White "Arlandi, Ennio"]
[Black "Godena, Michele"]
[Result "0-1"]
[WhiteElo "2455"]
[BlackElo "2420"]
[PlyCount "76"]
[EventDate "1995.09.30"]

1.d4 d5 2.c4 dxc4 3.Nf3 Nf6 4.e3 e6 5.Bxc4 c5 6.O-O a6 7.a4 Nbd7 8.Nc3 
cxd4 9.exd4 Be7 10.Qe2 O-O 11.Rd1 Nb6 12.Bb3 Bd7 13.Ne5 Bc6 14.Nxc6 bxc6 
15.Bf4 Nbd5 16.Be5 Bd6 17.Bc2 Qb8 18.Nxd5 Nxd5 19.Ra3 Bxe5 20.dxe5 g6 21.
Rb3 Qc7 22.Rd4 Rfb8 23.h4 Rxb3 24.Bxb3 Qb6 25.Qd1 Rb8 26.Bxd5 cxd5 27.b4 
Qc7 28.Qe1 Qc2 29.b5 axb5 30.Rb4 d4 31.Rxd4 bxa4 32.Qe3 h5 33.Rd7 a3 34.
Ra7 Qc4 35.g3 Rb1+ 36.Kg2 Qf1+ 37.Kf3 Qd1+ 38.Kg2 Qh1# 0-1

[Event "XVI Festival Magistrale"]
[Site "Asti ITA"]
[Date "1995.10.05"]
[Round "6"]
[White "Astengo, Marcello"]
[Black "Fuggetta, Leonardo"]
[Result "0-1"]
[WhiteElo "2110"]
[BlackElo "2115"]
[PlyCount "102"]
[EventDate "1995.09.30"]

1.d4 g6 2.c4 Bg7 3.Nc3 d6 4.d5 c5 5.e4 Na6 6.Bg5 Nc7 7.Bd3 a6 8.Qd2 Rb8 9.
a4 Bd7 10.a5 b5 11.axb6 Rxb6 12.Nge2 Qb8 13.Ra2 h6 14.Bf4 Rb4 15.O-O Qb6 
16.Be3 Nf6 17.h3 e5 18.Nb5 a5 19.Nec3 Bxb5 20.cxb5 O-O 21.Bxh6 Bxh6 22.
Qxh6 c4 23.Bc2 Nxb5 24.Na4 Qa7 25.Rfa1 Nd4 26.Qe3 Qc7 27.Bd1 Nb3 28.Rb1 
Rfb8 29.Nc3 Nc5 30.Be2 Nfd7 31.h4 Kg7 32.h5 Rh8 33.Qg5 Nf6 34.hxg6 fxg6 
35.f3 a4 36.Qd2 Qb6 37.Qe3 Nh5 38.Kf2 Nf4 39.Bf1 Qd8 40.Ke1 Rh2 41.g3 
Ncd3+ 42.Kd1 Nf2+ 43.Kc1 N4d3+ 44.Bxd3 Nxd3+ 45.Kd1 Rhxb2 46.Qa7+ Kf6 47.
Raxb2 Nxb2+ 48.Rxb2 Rxb2 49.Nxa4 Ra2 50.f4 Qe8 51.Qb6 Qxa4+ 0-1

[Event "XVI Festival Magistrale"]
[Site "Asti ITA"]
[Date "1995.10.05"]
[Round "6"]
[White "Belotti, Bruno"]
[Black "Csom, Istvan"]
[Result "0-1"]
[WhiteElo "2380"]
[BlackElo "2455"]
[PlyCount "62"]
[EventDate "1995.09.30"]

1.e4 c5 2.Nf3 d6 3.d4 cxd4 4.Nxd4 Nf6 5.Nc3 Nc6 6.Bg5 e6 7.Qd2 a6 8.O-O-O 
h6 9.Be3 Bd7 10.f3 Qc7 11.Kb1 Ne5 12.g4 b5 13.a3 Rb8 14.h4 g6 15.Be2 Nc4 
16.Bxc4 Qxc4 17.b3 Qc7 18.g5 hxg5 19.hxg5 Rxh1 20.Rxh1 Nh5 21.Nde2 Rc8 22.
Bd4 Bc6 23.Qe3 Bb7 24.Rc1 Be7 25.a4 e5 26.Ba7 Bc6 27.axb5 axb5 28.Rd1 Ra8 
29.Bb6 Qb7 30.Qg1 Qa6 31.Kc1 b4 0-1

[Event "XVI Festival Magistrale"]
[Site "Asti ITA"]
[Date "1995.10.05"]
[Round "6"]
[White "Bianco, Valerio"]
[Black "Naumkin, Igor"]
[Result "0-1"]
[WhiteElo "2205"]
[BlackElo "2455"]
[PlyCount "92"]
[EventDate "1995.09.30"]

1.Nf3 Nf6 2.g3 d5 3.Bg2 c5 4.O-O Nc6 5.d4 cxd4 6.Nxd4 e6 7.c4 Bc5 8.Nxc6 
bxc6 9.Qc2 Bb6 10.Nc3 O-O 11.b3 Qe7 12.Bb2 Bb7 13.Na4 e5 14.Nxb6 axb6 15.
e3 Rfe8 16.Rfc1 c5 17.cxd5 Nxd5 18.a3 Nf6 19.e4 h5 20.h4 Qe6 21.Re1 Rac8 
22.Rac1 Nd7 23.Kh2 Rc7 24.Qc3 Nb8 25.Bf1 Nc6 26.Bb5 Ree7 27.Bxc6 Rxc6 28.
f4 Qg4 29.f5 Rd6 30.Qe3 Qxe4 31.Qxe4 Bxe4 32.Rxe4 Rd2+ 33.Kh3 Rxb2 34.b4 
cxb4 35.Rxb4 Rf2 36.Rxb6 Rxf5 37.Rb5 Rd7 38.Rc3 f6 39.a4 Rf2 40.Rb1 Rdd2 
41.Rh1 Ra2 42.Rc4 Kh7 43.Re4 Kg6 44.Rc4 Rfb2 45.Re4 Rb3 46.Rf1 Rba3 0-1

[Event "XVI Festival Magistrale"]
[Site "Asti ITA"]
[Date "1995.10.05"]
[Round "6"]
[White "Canelli, Daniele"]
[Black "Spinelli, Doriano"]
[Result "0-1"]
[WhiteElo "1911"]
[BlackElo "2155"]
[PlyCount "83"]
[EventDate "1995.09.30"]

1.d4 h6 2.Nf3 g5 3.h3 d6 4.e4 Bg7 5.Bc4 c5 6.c3 Nc6 7.dxc5 Nf6 8.e5 dxe5 
9.Qxd8+ Nxd8 10.Nxe5 O-O 11.Be3 Be6 12.Be2 Nd5 13.Bd4 Nf4 14.Bf1 Bd5 15.
Rg1 f6 16.Nd3 e5 17.Be3 Nxd3+ 18.Bxd3 f5 19.Na3 f4 20.Bd2 Ne6 21.b4 a5 22.
Bc4 Bxc4 23.Nxc4 axb4 24.cxb4 e4 25.Rc1 Rxa2 26.Nd6 Nd4 27.Nxe4 Re8 28.f3 
Nb3 29.Kd1 Rxe4 30.fxe4 Rxd2+ 31.Ke1 Rb2 32.Rc4 Bd4 33.Rf1 Be3 34.c6 bxc6 
35.Rf3 Rxg2 36.Kf1 Rg1+ 37.Ke2 Nc1+ 38.Rxc1 Rxc1 39.Kd3 Kf7 40.h4 g4 41.
Rxe3 fxe3 42.Kxe3 0-1

[Event "XVI Festival Magistrale"]
[Site "Asti ITA"]
[Date "1995.10.05"]
[Round "6"]
[White "Cugini, Verter"]
[Black "Faraoni, Enrico"]
[Result "1/2-1/2"]
[WhiteElo "2235"]
[BlackElo "2135"]
[PlyCount "68"]
[EventDate "1995.09.30"]

1.e4 g5 2.d4 Bg7 3.c3 h6 4.Bd3 d6 5.Ne2 Nc6 6.O-O e5 7.Be3 Bd7 8.Ng3 Nf6 
9.Nh5 Nxh5 10.Qxh5 exd4 11.cxd4 Bxd4 12.Bxd4 Nxd4 13.Nc3 c6 14.Bc4 Be6 15.
Rfd1 Bxc4 16.Rxd4 Be6 17.Rad1 Qf6 18.Rxd6 O-O 19.e5 Qxe5 20.Qxh6 Rae8 21.
h4 f6 22.R6d3 g4 23.Qg6+ Kh8 24.Re3 Qf5 25.Qxf5 Bxf5 26.Rde1 Rxe3 27.Rxe3 
Rf7 28.Ne4 Bxe4 29.Rxe4 f5 30.Re8+ Kg7 31.Kh2 Rd7 32.Kg3 Kg6 33.Rg8+ Kf6 
34.Rf8+ Kg6 1/2-1/2

[Event "XVI Festival Magistrale"]
[Site "Asti ITA"]
[Date "1995.10.05"]
[Round "6"]
[White "Dutreeuw, Marc"]
[Black "Lacrosse, Marc"]
[Result "1-0"]
[WhiteElo "2370"]
[BlackElo "2240"]
[PlyCount "53"]
[EventDate "1995.09.30"]

1.e4 e5 2.Nf3 Nc6 3.Bb5 a6 4.Ba4 Nf6 5.Qe2 b5 6.Bb3 Bc5 7.d3 O-O 8.O-O h6 
9.c3 Re8 10.Nbd2 d5 11.Rd1 d4 12.Nf1 a5 13.a4 dxc3 14.bxc3 b4 15.d4 Ba6 
16.Qa2 exd4 17.Bxf7+ Kh8 18.Bxe8 Nxe8 19.cxd4 Nxd4 20.Nxd4 Bxd4 21.Be3 c5 
22.Qd2 Nc7 23.Bxd4 Qxd4 24.Qxd4 cxd4 25.Rxd4 Ne6 26.Rd6 Nc5 27.Nd2 1-0

[Event "XVI Festival Magistrale"]
[Site "Asti ITA"]
[Date "1995.10.05"]
[Round "6"]
[White "Maccagno, Giancarlo"]
[Black "Mrdja, Milan"]
[Result "0-1"]
[WhiteElo "2210"]
[BlackElo "2450"]
[PlyCount "112"]
[EventDate "1995.09.30"]

1.e4 c5 2.Nf3 e6 3.c3 Nf6 4.e5 Nd5 5.d4 cxd4 6.Qxd4 Nc6 7.Qe4 d6 8.Bb5 Bd7
9.exd6 Bxd6 10.O-O O-O 11.Nbd2 a6 12.Ba4 Rc8 13.Nc4 Bb8 14.Bg5 Qe8 15.Bc2 
f5 16.Qe2 h6 17.Be3 b5 18.Nb6 Nxb6 19.Bxb6 e5 20.Bb3+ Kh8 21.Rad1 e4 22.
Ne1 Be6 23.f3 Qh5 24.h3 Rce8 25.Rd2 Qg5 26.fxe4 Bxb3 27.axb3 Qg3 28.e5 
Bxe5 29.Qf3 Bd4+ 30.Bxd4 Rxe1 31.Rxe1 Qxe1+ 32.Kh2 Qxd2 33.Qxc6 Qg5 34.
Qxa6 f4 35.Qd6 Rf5 36.Qc6 f3 37.gxf3 Qd2+ 38.Kh1 Qc1+ 39.Kh2 Qf4+ 40.Kh1 
Qxf3+ 41.Qxf3 Rxf3 42.Kg2 Rd3 43.b4 Kg8 44.b3 g5 45.Be5 Kf7 46.Bh8 Ke6 47.
Bg7 h5 48.Bh8 Kf5 49.Bg7 Kf4 50.Bf6 Rd6 51.Be7 Rd2+ 52.Kf1 Kf3 53.Kg1 g4 
54.hxg4 hxg4 55.Bc5 Rd1+ 56.Kh2 g3+ 0-1

[Event "XVI Festival Magistrale"]
[Site "Asti ITA"]
[Date "1995.10.05"]
[Round "6"]
[White "Malano, Francesco"]
[Black "Duarte, Riccardo"]
[Result "0-1"]
[WhiteElo "1908"]
[BlackElo "2050"]
[PlyCount "79"]
[EventDate "1995.09.30"]

1.e4 e5 2.Nc3 Nf6 3.g3 Bc5 4.Bg2 a6 5.Nge2 d6 6.O-O O-O 7.d3 Ng4 8.Nd5 Nc6
9.h3 Nf6 10.Bg5 Kh8 11.g4 h6 12.Bxf6 gxf6 13.Qd2 Kg7 14.Ng3 Rh8 15.Nh5+ 
Kf8 16.Ndxf6 Ne7 17.b4 Ba7 18.Kh2 Ng6 19.f4 exf4 20.Nxf4 Qxf6 21.Nxg6+ 
Qxg6 22.Qc3 Rh7 23.Qxc7 Bd4 24.c3 Be5+ 25.Kh1 Qe6 26.d4 Bf6 27.e5 dxe5 28.
Be4 Rg7 29.d5 Qe7 30.Qxe7+ Bxe7 31.Rad1 Bd6 32.Rf6 Ke7 33.Rxh6 a5 34.b5 
Bd7 35.a4 Rc8 36.Rd3 Rc4 37.Bf5 Bxf5 38.gxf5 f6 39.h4 Rxa4 40.h5 0-1

[Event "XVI Festival Magistrale"]
[Site "Asti ITA"]
[Date "1995.10.05"]
[Round "6"]
[White "Mordiglia, Riccardo"]
[Black "Frank, Albert"]
[Result "1/2-1/2"]
[WhiteElo "2015"]
[BlackElo "2090"]
[PlyCount "42"]
[EventDate "1995.09.30"]

1.e4 c5 2.b4 cxb4 3.a3 d5 4.exd5 Qxd5 5.Nf3 Bg4 6.axb4 Nc6 7.Nc3 Qe6+ 8.
Qe2 Bxf3 9.Qxe6 fxe6 10.gxf3 Nxb4 11.Kd1 g6 12.Nb5 Kf7 13.Bb2 Nf6 14.Bh3 
Nbd5 15.Be5 Bh6 16.Nd4 Nf4 17.Bxf4 Bxf4 18.Nxe6 Bd6 19.Ng5+ Kg7 20.Ne6+ 
Kf7 21.Ng5+ Kg7 1/2-1/2

[Event "XVI Festival Magistrale"]
[Site "Asti ITA"]
[Date "1995.10.05"]
[Round "6"]
[White "Sarno, Spartaco"]
[Black "Lampic, Teo"]
[Result "1/2-1/2"]
[WhiteElo "2405"]
[BlackElo "2099"]
[PlyCount "111"]
[EventDate "1995.09.30"]

1.c4 e6 2.Nf3 d5 3.b3 Nf6 4.g3 Be7 5.Bg2 O-O 6.O-O b6 7.Bb2 Bb7 8.e3 c5 9.
Qe2 Nc6 10.Rd1 dxc4 11.bxc4 Na5 12.d3 Nd7 13.Nc3 Bf6 14.Rab1 Qe7 15.Nd2 
Bxg2 16.Kxg2 g6 17.f4 Bg7 18.Nf3 Rac8 19.g4 Nb7 20.h4 Nd6 21.e4 f6 22.Rh1 
Nb8 23.h5 Nc6 24.Qf2 g5 25.h6 Bh8 26.Ne2 gxf4 27.Nxf4 Ne5 28.Rbg1 Nxf3 29.
Qxf3 Nf7 30.Qe3 Rfd8 31.Rh2 Qd6 32.Kh1 Kf8 33.a4 Ke7 34.Rf1 Ne5 35.Rg2 Rg8
36.Qh3 Rg5 37.Rg3 Rcg8 38.Rfg1 Qd7 39.a5 bxa5 40.Qh4 Qb7 41.Bxe5 Rxe5 42.
g5 Rexg5 43.Rxg5 fxg5 44.Rxg5 Bf6 45.Rg7+ Rxg7 46.hxg7 Qb1+ 47.Kg2 Bxh4 
48.g8=Q Qe1 49.Qxe6+ Kf8 50.Qc8+ Kf7 51.Qd7+ Be7 52.Qd5+ Ke8 53.Qc6+ Kf7 
54.Qe6+ Kf8 55.Qf5+ Ke8 56.Qc8+ 1/2-1/2

[Event "XVI Festival Magistrale"]
[Site "Asti ITA"]
[Date "1995.10.05"]
[Round "6"]
[White "Sedina, Elena"]
[Black "Coppini, Giorgio"]
[Result "1/2-1/2"]
[WhiteElo "2350"]
[BlackElo "2210"]
[PlyCount "81"]
[EventDate "1995.09.30"]

1.e4 d6 2.d4 Nf6 3.Bd3 c6 4.Nf3 e5 5.c3 Qc7 6.O-O Be7 7.Re1 O-O 8.h3 Re8 
9.Qc2 Nbd7 10.Be3 Nf8 11.Nbd2 Ng6 12.a4 b6 13.a5 Rb8 14.axb6 axb6 15.b4 h6
16.Reb1 Bf8 17.c4 Nd7 18.d5 c5 19.Qa4 Bb7 20.Qb5 Ra8 21.bxc5 bxc5 22.Rxa8 
Bxa8 23.Qa4 Nf6 24.Rb5 Rb8 25.Qb3 Nd7 26.Nf1 Bb7 27.Bd2 Ba6 28.Rxb8 Qxb8 
29.Qa4 Bc8 30.Qb5 Qa7 31.Qc6 Qa6 32.Ng3 Nf6 33.Qb5 Qa1+ 34.Kh2 Bd7 35.Qb6 
Nf4 36.Bxf4 exf4 37.Nf5 Bxf5 38.exf5 Qc3 39.Qb1 Nd7 40.Qc2 Qxc2 41.Bxc2 
1/2-1/2

[Event "XVI Festival Magistrale"]
[Site "Asti ITA"]
[Date "1995.10.05"]
[Round "6"]
[White "Sulava, Nenad"]
[Black "Efimov, Igor"]
[Result "0-1"]
[WhiteElo "2390"]
[BlackElo "2450"]
[PlyCount "80"]
[EventDate "1995.09.30"]

1.Nf3 d5 2.d4 e6 3.c4 Nf6 4.Nc3 Bb4 5.Bg5 Nbd7 6.cxd5 exd5 7.Qc2 c6 8.e3 
h6 9.Bh4 O-O 10.Bd3 Re8 11.O-O b6 12.a3 Be7 13.Bg3 Bb7 14.h3 a6 15.Rad1 c5
16.dxc5 bxc5 17.Bf5 Nb6 18.Na4 Nxa4 19.Qxa4 Qb6 20.Qc2 a5 21.Rd2 Bf8 22.
Ne5 Rad8 23.Rfd1 Ba8 24.Ng4 Nh5 25.Bh2 g6 26.Bd3 Bg7 27.b3 a4 28.b4 c4 29.
Be2 f5 30.Nxh6+ Bxh6 31.Bxh5 gxh5 32.Qxf5 c3 33.Rd4 Bg7 34.Rh4 c2 35.Rc1 
d4 36.Qxh5 Be4 37.Rg4 dxe3 38.Rxg7+ Kxg7 39.Be5+ Rxe5 40.Qxe5+ Qf6 0-1

[Event "XVI Festival Magistrale"]
[Site "Asti ITA"]
[Date "1995.10.06"]
[Round "7"]
[White "Astengo, Marcello"]
[Black "Malano, Francesco"]
[Result "1-0"]
[WhiteElo "2110"]
[BlackElo "1908"]
[PlyCount "61"]
[EventDate "1995.09.30"]

1.d4 Nf6 2.c4 e6 3.Nc3 Bb4 4.Bd2 b6 5.Nf3 Bb7 6.e3 O-O 7.Bd3 Qe7 8.O-O 
Bxc3 9.Bxc3 Ne4 10.Rc1 d6 11.Bb4 c5 12.Ba3 Nd7 13.Qc2 Ndf6 14.b4 Rac8 15.
bxc5 dxc5 16.Ne5 Qc7 17.Rb1 Rfd8 18.f3 cxd4 19.Nxf7 Qxf7 20.fxe4 Qd7 21.e5
dxe3 22.exf6 gxf6 23.Rbd1 Qg7 24.Rf4 f5 25.Bb2 Qg5 26.g3 Rc5 27.Qe2 Bc8 
28.Qxe3 Re8 29.Be5 Ra5 30.Be2 Rxa2 31.Rg4 1-0

[Event "XVI Festival Magistrale"]
[Site "Asti ITA"]
[Date "1995.10.06"]
[Round "7"]
[White "Coppini, Giorgio"]
[Black "Arlandi, Ennio"]
[Result "0-1"]
[WhiteElo "2210"]
[BlackElo "2455"]
[PlyCount "78"]
[EventDate "1995.09.30"]

1.e4 c6 2.d3 d5 3.Nd2 e5 4.Ngf3 Bd6 5.Qe2 Nf6 6.g3 O-O 7.Bg2 Re8 8.O-O 
Nbd7 9.Re1 Nc5 10.Qf1 dxe4 11.Nxe4 Nfxe4 12.dxe4 b5 13.Nd2 Qc7 14.Nb3 Ne6 
15.a4 Bd7 16.Rd1 Red8 17.Be3 bxa4 18.Rxa4 c5 19.Raa1 Nd4 20.Qa6 Bb5 21.Qa5
Qxa5 22.Nxa5 Nxc2 23.Nb7 Nxa1 24.Nxd8 Rxd8 25.Bxc5 Be7 26.Rxd8+ Bxd8 27.
Bxa7 Nb3 28.Be3 Ba5 29.f3 Bd2 30.Bb6 Bc1 31.Bf1 Bxf1 32.Kxf1 Bxb2 33.Kg2 
Bd4 34.Bc7 f6 35.Bd6 Bc5 36.Bc7 Kf7 37.f4 Ke6 38.fxe5 fxe5 39.Kf3 Nd2+ 0-1